| 000 | 01055nam a2200301 i 4500 | ||
|---|---|---|---|
| 001 | bg | ||
| 100 | 1 | _aRAJCHEL, Jacek | |
| 245 | 1 | 0 |
_aKamienny Kraków : _bspojrzenie geologa / _cJacek Rajchel. |
| 250 | _aWyd. 2 popr. | ||
| 260 |
_aKraków : _bAGH Uczelniane Wydawnictwa Naukowo-Dydaktyczne, _c2004. |
||
| 300 |
_a235 s. : _bfot., pl. (gł. kolor.) ; _c24 cm. |
||
| 504 | _aBibliogr. s. 219-233. | ||
| 650 | 9 |
_aKamienie budowlane _zPolska |
|
| 650 | 9 |
_aSkały _xgeologia _zPolska |
|
| 651 | 9 |
_aKraków (woj. małopolskie) _xbudownictwo _xhistoria |
|
| 655 | _aWydawnictwa popularne | ||
| 015 | _aPB 13777/2005 | ||
| 020 | _a8386774355 | ||
| 020 | _a8389388723 (AGH) | ||
| 040 | _cBPK | ||
| 041 | 0 | _apol | |
| 080 | _a553.5:552:622.35:72A/Z](438) | ||
| 920 | _a83-86774-35-5 | ||
| 920 | _a83-89388-72-3 (AGH) | ||
| 942 | _cKS | ||
| 008 | s pl f |000 0 pol | ||
| 999 |
_c46406 _d46406 |
||
| 856 |
_uhttp://koha.tu.koszalin.pl/cgi-bin/koha/opac-detail.pl?biblionumber=46406 _yKatalog online BPK |
||